Ingeniera̕ econm̤ica : talleres y prc̀tica

Bibliographic Details
Main Author: Garca̕ Montoya, Daro̕
Format: eBook
Language:Spanish
Published: Colombia : Ecoe ediciones, 2011
Series:Ingeniera̕ y arquitectura. Ingeniera̕
Subjects:
Online Access:Acceso restringido

MARC

LEADER 00000nam a22000007a 4500
005 20120420135532.0
007 cr|||| ||||
008 120420s2011 co |||||s|||| 00||0 spa d
020 |a 978-958-648-696-5 
035 |a 6244 
040 |d vLex 
090 |c 3124  |d 3124 
100 1 |a Garca̕ Montoya, Daro̕ 
245 1 0 |a Ingeniera̕ econm̤ica : talleres y prc̀tica  |h [Recurso electrn̤ico] /  |c Daro̕ Garca̕ Montoya  
256 |a Servicio en ln̕ea 
260 |a Colombia :  |b Ecoe ediciones,  |c 2011 
300 |a 1 recurso electrn̤ico 
490 0 |a  Ingeniera̕ y arquitectura. Ingeniera̕  
500 |a La Ingeniera̕ Econm̤ica ofrece los conocimientos bs̀icos necesarios para la toma de decisiones, y constituye una herramienta fundamental, actualizada y equilibrada para manejar el dinero efcientemente teniendo en cuenta los factores de tiempo, rentabilidad y oportunidades de inversin̤. Para lograr este objetivo, la distribucin̤ de los temas se inicia con los conceptos bs̀icos necesarios para entender la terminologa̕ en el campo fnanciero y progresiva-mente se van introduciendo los mťodos matemt̀icos que se utilizan en el manejo del dinero cuando se tiene la posibilidad de inversin̤. 
506 1 |a Contenido solo disponible en los productos indicados  |d vLex Global   |d vLex Global (Academic Edition, excluding Law Schools)   |d vLex Global (U.S. Academic Edition, Law Schools)   |d vLex Global (U.S. Academic Edition, excluding Law Schools)   |d vLex Global (Academic Edition, Law Schools)  
650 0 4 |a Economa̕ industrial  |z Colombia 
740 0 |a vLex Libros (Servicio en ln̕ea) 
856 4 0 |u http://vlex.com/source/ingenieria-economica-talleres-practica-6244  |z Acceso restringido 
942 |c BOOK 
999 0 |a Engineering economy